Flags of the Countries that Start with L - Statistics

General Stats
  • This quiz has been taken 12,216 times
  • The average score is 8 of 9
Answer Stats
Picture Answer % Correct
Lebanon
96%
Latvia
93%
Luxembourg
93%
Laos
92%
Libya
90%
Lithuania
90%
Liberia
87%
Liechtenstein
87%
Lesotho
78%
No matching quizzes found
Score Distribution
Percent of People with Each Score
Percentile by Number Answered
Your Score History
You have not taken this quiz